000 01424cam a22003614a 4500
001 13134813
003 OSt
005 20220610055207.0
008 030324s2004 maua 001 0 eng
010 _a 2003048765
020 _a0072847700 (alk. paper)
020 _a007121514X (international : alk. paper)
040 _aMMU
_cMMU
_dMMU
_beng
042 _apcc
050 0 0 _aHD30.28
_b.T537 2004
082 0 0 _a658.4/012
_221
100 1 _aThompson, Arthur A.,
_d1940-
245 1 0 _aStrategy :
_bcore concepts, analytical tools, readings /
_cArthur A. Thompson, Jr., John E. Gamble, A.J. Strickland III.
260 _aBoston, Mass. :
_bMcGraw-Hill,
_cc2004.
300 _a1 v. (various pagings) :
_bcol. ill. ;
_c26 cm.
500 _aIncludes indexes.
650 0 _aStrategic planning.
650 0 _aIndustrial management.
650 0 _aConglomerate corporations
_xManagement.
650 0 _aStrategic planning
_vCase studies.
700 1 _aGamble, John
_q(John E.)
700 1 _aStrickland, A. J.
_q(Alonzo J.)
856 4 2 _3Publisher description
_uhttp://www.loc.gov/catdir/enhancements/fy0702/2003048765-d.html
856 4 1 _3Table of contents only
_uhttp://www.loc.gov/catdir/enhancements/fy0702/2003048765-t.html
906 _a7
_bcbc
_corignew
_d1
_eocip
_f20
_gy-gencatlg
942 _2lcc
_cLOAN LOAN
999 _c18483
_d18483